| 000 | 00793cam a2200241 4500 | ||
|---|---|---|---|
| 001 | WB3617-41 | ||
| 008 | 000000n2000 000 0 eng u | ||
| 035 | _a(Sirsi) u105785 | ||
| 245 | _aPlanning a healthy future | ||
| 260 | _c2000 | ||
| 490 |
_aHerald _v27 April 2000, 25(1) |
||
| 520 | _aLooks at the legal issues surrounding the building of mobile phone base stations, including the impact of proposals by the Scottish Parliament to tighten controls on such development. | ||
| 590 | _aWB | ||
| 650 | _aMOBILE PHONE BASE STATIONS | ||
| 650 | _aTELECOMMUNICATIONS | ||
| 650 | _aSCOTLAND | ||
| 650 | _aPLANNING PROCEDURES | ||
| 650 | _aHEALTH HAZARDS | ||
| 650 | _aLEGAL LIABILITY | ||
| 650 | _aELECTROMAGNETIC FIELDS | ||
| 690 | _aTRANSPORT AND COMMUNICATIONS | ||
| 942 | _n0 | ||
| 999 |
_c63342 _d63342 |
||